Science in Africa (Record no. 80351)

MARC details
000 -LEADER
fixed length control field 00702nam a2200157 a 4500
008 - FIXED-LENGTH DATA ELEMENTS--GENERAL INFORMATION
fixed length control field 080109s1982 ||||||||||||||||| || u
050 ## - LIBRARY OF CONGRESS CALL NUMBER
Classification number Q 128 Sci
100 ## - MAIN ENTRY--PERSONAL NAME
Personal name Nichols, Lee
245 10 - TITLE STATEMENT
Title Science in Africa
Statement of responsibility, etc. edited by Lee Nichols
246 ## -
-- Interviews with thirty African scientists
260 ## - PUBLICATION, DISTRIBUTION, ETC.
Place of publication, distribution, etc. Washington, D. C.
Name of publisher, distributor, etc. Voice of American
Date of publication, distribution, etc. 1982
300 ## - PHYSICAL DESCRIPTION
Extent vii, 303p. : ill.
350 ## -
-- 0.00
995 ## -
-- BINDERY (DAMAGED)
-- 0.00
-- 707398
-- CBU-MAIN LIBRARY (Kitwe)
-- 1
-- 0.00
-- Q 128 Sci
-- 1
-- DAMAGED
-- 011247
-- Main Library Open Access Collection
995 ## -
-- ANNEX COLLECTION (Main Library)
-- 0.00
-- 707399
-- CBU-MAIN LIBRARY (Kitwe)
-- 2
-- 0.00
-- Q 128 Sci
-- 2
-- AVAILABLE
-- 011248
-- Annex Low-Usage Collection
999 ## -
-- 80351
-- 80351
Holdings
Withdrawn status Lost status Source of classification or shelving scheme Damaged status Not for loan Permanent Location Current Location Shelving location Date acquired Total Checkouts Full call number Barcode Date last seen Copy number Price effective from Koha item type
          CBU-MAIN LIBRARY, KITWE. CBU-MAIN LIBRARY, KITWE.   06/29/2023   Q 128 Sci 011247 06/29/2023 1 06/29/2023 MONOGRAPH
          CBU-MAIN LIBRARY, KITWE. CBU-MAIN LIBRARY, KITWE.   06/29/2023   Q 128 Sci 011248 06/29/2023 2 06/29/2023 MONOGRAPH